| 000 | 01482 a2200217 4500 | ||
|---|---|---|---|
| 001 | 4477 | ||
| 005 | 20260407155435.0 | ||
| 008 | 260407a1984 arg spa d | ||
| 003 | AR-UNSa-BCEJYS | ||
| 040 |
_aAR-UNSa-BCEJYS _bspa _cAR-UNSa-BCEJYS |
||
| 080 |
_a657 _xContabilidad |
||
| 245 | 1 | 0 | _aTratado de contabilidad intermedia y superior |
| 020 | _a950-537-083-4 | ||
| 250 | _a2a. ed. | ||
| 264 | 1 |
_aBuenos Aires : _bEdiciones Macchi _c1984 |
|
| 300 |
_axxix, 1083 p. _c22 cm. |
||
| 505 | _a1. Enfoque general del esquema contable - 2. Mediación-valuación - 3. Teoría contable básica - 4. Preparación y presentación de la información contable - 5. El tiempo en la vida de las empresas. Momentos y períodos - 6. Estructura patrimonial de la empresa - 7. Disponibilidades - 8. Inversiones temporarias - 9. Cuentas por cobrar - 10. Bienes de cambio - 11. Inversiones permanentes - 12. Inversiones permanentes en acciones - 13. Bienes de uso o propiedad, planta y equipo - 14. Bienes intangibles o inmateriales y cargos diferidos - 15. Compromisos ciertos. Cuentas por pagar. Deudas - 16. Pasivo contingente - 17. Otros pasivos - 18. Operaciones en moneda extranjera - 19. Capital propio. Patrimonio neto. Aportes de los propietarios - 20. Los resultados del ejercicio económico - 21. Soluciones parciales - 22. Soluciones integrales. Ajuste por inflación - 23. Teoría y práctica | ||
| 942 | _cBK | ||
| 590 | _aniveau_biblio:m niveau_hierar:0 | ||
| 100 | 1 | _aBiondi, Mario | |
| 999 |
_c431 _d431 |
||